Reakční funkce Evropské centrální banky
Ekonometrický odhad reakčnej funkcie Európskej centrálnej banky (ECB) s využitím databázy prognóz. Charakteristika zmeny úrokovej politiky ECB v období súčasnej ekonomickej krízy oproti období pred touto krizou.
Saved in:
| Main Author: | |
|---|---|
| Format: | Book Chapter |
| Language: | Czech |
| Subjects: | |
| Tags: |
No Tags, Be the first to tag this record!
|
MARC
| LEADER | 00000nla a2200000 4500 | ||
|---|---|---|---|
| 001 | 0235721 | ||
| 005 | 20240417075126.1 | ||
| 041 | 0 | |a cze | |
| 044 | |a CZ | ||
| 245 | 1 | 0 | |a Reakční funkce Evropské centrální banky |c Ondřej Čížek |
| 520 | |a Ekonometrický odhad reakčnej funkcie Európskej centrálnej banky (ECB) s využitím databázy prognóz. Charakteristika zmeny úrokovej politiky ECB v období súčasnej ekonomickej krízy oproti období pred touto krizou. | ||
| 610 | 2 | 0 | |a modely ekonometrické |
| 610 | 2 | 0 | |a Európska únia |
| 610 | 2 | 0 | |a Európska centrálna banka |
| 610 | 2 | 0 | |a politika úverová |
| 610 | 2 | 0 | |a prognózy |
| 100 | 1 | |a Čížek, Ondřej | |